000
00221nam a22000857a 4500
008
161202b xxu||||| |||| 00| 0 eng d
100
_9
1780
_a
Gusain. V
245
_a
COMPUTER WPRLD 1
260
_a
New delhi
_b
Arya publication
_c
2006
999
_c
4488
_d
4488